It's Time - Imagine Dragons - Statistics

General Stats
  • This quiz has been taken 336 times
  • The average score is 31 of 38
Answer Stats
Lyric Missing Lyric % Correct
Right to the ___ Top
95%
So this is what you _____ Meant
94%
'Cause after ___ All
93%
I don't ever wanna let you ____ Down
93%
I don't ever wanna leave this ____ Town
93%
And now it's time to build from the ______ of the pit Bottom
92%
I'm _____ changing who I am Never
92%
It's time to ______, isn't it Begin
91%
I'm just the ____ as I was Same
90%
This city never ______ at night Sleeps
90%
I get a little bit _______, but then I'll admit Bigger
86%
When you said that you were _____ Spent
86%
I don't ever wanna let you ____ Down
85%
'Cause after ___ All
84%
I don't ever wanna leave this ____ Town
84%
Don't ____ back Hold
83%
I'm _____ changing who I am Never
83%
It's time to ____, isn't it Begin
82%
I'm just the ____ as I was Same
82%
This city never _____ at night Sleeps
82%
Right to the ___ Top
82%
It's time to _____, isn't it Begin
81%
I'm never ________ who I am Changing
81%
I'm just the ____ as I was Same
81%
To _____, to _____ Ashes
79%
I get a little bit _____, but then I'll admit Bigger
79%
___ don't you understand Now
79%
This house doesn't burn down _____ Slowly
79%
I get a little bit ______, but then I'll admit Bigger
78%
Don't ____ back Look
77%
Packing my bags and giving the ________ a rain check Academy
76%
This road never looked so _____ Lonely
76%
___ don't you understand Now
74%
___ don't you understand Now
73%
So this is where you ___ Fell
68%
And I am left to ___ Sell
65%
The path to heaven runs through miles of _______ hell Clouded
60%
Turning the rags and giving the ___________ a rain check Commodities
55%
No matching quizzes found
Score Distribution
Percent of People with Each Score
Percentile by Number Answered
Your Score History
You have not taken this quiz